The future for space technology

Đã lưu trong:
Sonraí Bibleagrafaíochta
Príomhúdar: Pardoe, Geoffrey K. C.
Formáid: Leabhar
Teanga:Undetermined
Foilsithe: London Frances Pinter Publishers 1984
Ábhair:
Clibeanna: Cuir Clib Leis
Gan Chlibeanna, Bí ar an gcéad duine leis an taifead seo a chlibeáil!
Thư viện lưu trữ: Trung tâm Học liệu Trường Đại học Cần Thơ
LEADER 00503nam a2200181Ia 4500
001 CTU_80016
008 210402s9999 xx 000 0 und d
082 |a 629.4 
082 |b P226 
100 |a Pardoe, Geoffrey K. C. 
245 4 |a The future for space technology 
245 0 |c Geoffrey K. C. Pardoe 
260 |a London 
260 |b Frances Pinter Publishers 
260 |c 1984 
650 |a Astronautics,Space 
904 |i Trọng Hải 
980 |a Trung tâm Học liệu Trường Đại học Cần Thơ